| 000 | 00410nam a2200121Ia 4500 | ||
|---|---|---|---|
| 005 | 20210429153909.0 | ||
| 008 | 210429s9999 xx 000 0 und d | ||
| 082 | _a620.110 T112A | ||
| 100 |
_aAyesha Tabriz _955057 |
||
| 245 | _aAntifungal Polymeric Membrances with Chitosan Functionalized Quaternar y Ammonium Salt for Drinking Water Treatment with CD (MS-MAT-2016) | ||
| 300 | _a37p.29cm. | ||
| 942 |
_2ddc _cTH |
||
| 999 |
_c561070 _d561070 |
||